1349 1807 1350 1366 1795 1028 1027 1458 1175 1461 1766 1593 1116 1548 1866 1451 1784 1935 1670 1940 1521 1617 1876 1019 1318 1910 1683 1541 1127 1646 1875 1206 1355 1793 1442 1488 1701 1512 1180 1627 1012 1582 1039 1495 1212 1159 1238 1746 1507 1618 1270 1913 1211 1548 1957 1891 1711 1665 1597 1918 1301 1897 1443 1133 1180 1901 1858 1421 1238 1461 1143 1164 1826 1606 1989 1232 1600 1831 1771 1995 1715 1401 1709 1642 1791 1142 1455 1790 1136 1703 1919 1415 1062 1562 1209 1784 1451 1497 1006 BCNSPRNW ULIB Ver.6.0+V

เปลี่ยนเป็นภาษาไทย

Change to English
 แสดงรายละเอียดบรรณานุกรม
  กลับหน้าหลัก

Brief Record : Get Marc (ISO 2709) : E-mail record : QR code < ปิดหน้าต่าง
LEADER : 00000nam 2200000uu 4500
001    13399110258
003     ULIB
008    110427s2551||||th 000 0 tha d
020    9789749557723
060  4 WM105^bก961ส 2551
100 0  โกศล วงศ์สวรรค์
245 10 สุขภาพจิต =^bMental Health /^cโกศล วงศ์สวรรค์, เลิศลักษณ์วงศ์สวรรค์
246 31 Mental health
260    กรุงเทพฯ :^bรวมสาส์น,^c2551
300    299 หน้า
504    บรรณานุกรม: หน้า 289-298
650  4 สุขภาพจิต
650  4 จิตเวชศาสตร์
700 0  เลิศลักษณ์ วงศ์สวรรค์,^eผู้แต่งร่วม
945    ^p245^l0^i026192
945    ^p245^l0^i026190
945    ^p245^l0^i024585
945    ^p245^l0^i024584
945    ^p245^l0^i024583
945    ^p245^l0^i026191
945    ^p245^l0^i024287
995    ทศพร
999 ^a ใช้งานได้ทุกระบบ
รายการนี้ยังไม่มีแท็ก
คุณยังไม่ได้ล็อกอิน คุณสามารถมีกิจกรรมร่วมกับเว็บไซต์ได้ แต่ต้องล็อกอินก่อน ::
  ล็อกอิน

รายการสื่อสารสนเทศ

ลำดับที่ ประเภท เลขเรียก/บาร์โค้ด สถานที่ สถานะ
- ไม่พบข้อมูล -

รายการใกล้เคียง
    ผู้แต่ง [โกศล วงศ์สวรรค์]

    หัวเรื่อง [สุขภาพจิต]
    หัวเรื่อง [จิตเวชศาสตร์]

BibComment


ยังไม่เคยถูกคอมเมนท์

คอมเมนท์ทรัพยากรรายการนี้
  คอมเมนท์: สุขภาพจิต Mental..


 Copyright 2026. Bcnsprnw @Library